000 00304nam a22001337a 4500
008 170911b xxu||||| |||| 00| 0 eng d
020 _a9781429255202
041 _aeng
080 _29 ED
_a52
100 _a42
101 _aAST
245 _aDISCOVERING THE UNIVERSE
_cCOMINS.N.F
942 _2udc
_cBK
999 _c27049
_d27049